| 000 | 00564nam a22001937a 4500 | ||
|---|---|---|---|
| 005 | 20260416094118.0 | ||
| 008 | 260416b |||||||| |||| 00| 0 eng d | ||
| 020 | _a978-0-323- 83461-2 | ||
| 050 | _aRT 69 .W38 2023 | ||
| 100 | _aWAUGH, ANNE | ||
| 245 | _aROSS & WILSON ANATOMY AND PHYSIOLOGY IN HEALTH AND ILLNESS. | ||
| 250 | _a14TH | ||
| 260 |
_aINDIA, _bELSEVIER, _c2023. |
||
| 300 | _aXI,586 P, ILL | ||
| 500 | _aINCLUDES INDEX | ||
| 650 | _a1. HUMAN ANATOMY- TEXTBOOKS 2. HUMAN PHYSIOLOGY- TEXTBOOKS | ||
| 700 | _aGRANT, ALLISON | ||
| 942 |
_2lcc _cBK |
||
| 999 |
_c216985 _d216985 |
||